|
|
|
|
| LEADER |
00000cam a2200000 7i4500 |
| 001 |
0000002896 |
| 005 |
20040315.0 |
| 090 |
0 |
0 |
|a 577.69809595119
|b BIO 1999
|
| 245 |
0 |
0 |
|a BIODIVERSITY audit and conservation plan for the mangroves of Johor
|
| 260 |
0 |
0 |
|a Kuala Lumpur :
|b Forestry Department Peninsular Malaysia ,
|c 1999
|
| 300 |
|
|
|a xiv, 129 p. :
|b maps ;
|c 30 cm.
|
| 500 |
0 |
0 |
|a Output of a 2-year project on Preparation of an Integrated Management Plan for Sustainable Use of the Johor Mangrove Forests
|
| 650 |
0 |
0 |
|a Biological diversity conservation
|
| 650 |
0 |
0 |
|a Mangrove ecology
|z Johor
|
| 650 |
0 |
0 |
|a Mangrove swamp conservation
|z Johor
|
| 710 |
1 |
1 |
|a Danish Cooperation for Environmental Development (DANCED)
|
| 710 |
1 |
1 |
|a Johor ,
|c Forestry Department
|
| 710 |
1 |
1 |
|a Malaysia ,
|c Forestry Department of Peninsular Malaysia
|
| 998 |
|
|
|a JPSM
|
| 999 |
|
|
|a 0000005195
|b Monograph
|c Open Shelf
|e Default branch
|